• 首页
  • 本馆介绍
  • 公告通知
  • 最新文献
  • 馆藏检索
  • 电子资源
  • 读者荐购
  • 参考咨询
  • CALIS
  • 我的图书馆
  • 登录
  • 详细信息显示
  • 放入我的书架
  • 预约/预借图书
  • 作者相关作品
  • 分类相关作品
  • 丛书相关作品
  • 出版社相关作品

书目信息

  • 表格格式
  • 工作单格式
  • 卡片格式
题名:
古典爱情
    
 
作者: 余华 著
分册:  
出版信息: 北京   人民文学出版社  2006.01
页数: 109页
开本: 19cm
丛书名: 九元丛书
单 册:
中图分类: I247.57
科图分类:
主题词: 中篇小说--Zhong Pian Xiao Shuo--中国--现代--作品集
电子资源:
ISBN: 7-02-005361-0
 
 
 
 
 
000 00907nam 2200277 450
001 CAL 012006017318
005 20060605112953.12
010    @a7-02-005361-0@dCNY 9.00
099    @aCAL 012006017318
100    @a20060306d2006 ekmy0chiy0121 ea
101 0  @achi
102    @aCN@b110000
200 1  @a古典爱情@AGu Dian Ai Qing@a河边的错误@a鲜血梅花@f余华著@Fyu hua zhu
210    @a北京@c人民文学出版社@d2006.01
215    @a109页@d19cm
225 2  @a九元丛书@AJiu Yuan Cong Shu@h第一辑@i中篇金典
410  0 @12001 @a九元丛书@h第一辑
410  0 @12001 @a中篇金典
423  0 @12001 @a鲜血梅花@AXian Xue Mei Hua@1701 0@a余华
423  0 @12001 @a河边的错误@AHe Bian De Cuo Wu@1701 0@a余华
606 0  @a中篇小说@AZhong Pian Xiao Shuo@y中国@z现代@j作品集
690    @aI247.57@v4
701  0 @a余华@Ayu hua@4著@4著
801  0 @aCN@bHPUL@c20060605
905    @dI247.57@eY7551
906    @dCNY 9.00@n3@r1
    
    古典爱情;河边的错误;鲜血梅花/余华著.-北京:人民文学出版社,2006.01
    109页;19cm.-(九元丛书.第一辑.中篇金典)
    
    
    ISBN 7-02-005361-0:CNY 9.00
    
●
相关链接 在E读中查询图书 在当当中查询图书 在豆瓣中查询图书


正题名:古典爱情     索取号:I247.57/Y7551         预约/预借

序号 登录号 条形码 馆藏地/架位号 状态 备注
1 605228   206052288   社科二线422/422社科库 1排2列1层/ [索取号:I247.57/Y7551] 在馆    
2 605229   206052297   社科二线400B/400B社科库 21排2列3层/ [索取号:I247.57/Y7551] 在馆    
3 605230   206052304   文学库108/400B社科库 26排3列3层/ [索取号:I247.57/Y7551] 在馆    
河南城建学院图书馆 欢迎您!
大连网信软件有限公司© 版权所有